000 00385nam a2200133Ia 4500
005 20250408073328.0
008 240331s9999 xx 000 0 und d
082 _a295
_bPER
245 0 _aPeriyar kalanchiyam 4
260 _aMadras
_bThe Periyar Self - respect propaganda Institution
_c1994
300 _a296 p .,
500 _aCollected works of thanthai periyar E.V. Ramasami
942 _cL
999 _c677
_d677